000 00720nam a22002297a 4500
999 _c159106
_d159106
005 20181203123241.0
006 a|||||f|||| 00| 0
007 tc
008 180720b xxu||||| |||| 00| 0 eng d
010 _aB-347979-B-347980
020 _c34.00
035 _aB-347979
037 _bA.I.C.B.
082 _a600
100 _aYadav, M.
245 _aFrom Atom to Neno tech
_cby M. Yadav
260 _aDelhi
_bA.C.I.B.
_cN.D.
270 _aSector-5, Rohini,
_bNew Delhi
_e110085
300 _a2V.,various pages.
_c30cm(HB).
942 _2ddc
_cBRLEN
_h600
_mYAD